Mémoires de Madame Roland : tome I /

Memorias de Marie-Jeanne Roland de la Platiere, comúnmente conocida como Madame Roland (1754-1793), una de las representantes más importantes de la Revolución francesa, quien falleció condenada a la guillotina durante el período del Terror y las pugnas de poder entre girondinos y jacobinos. Sus memo...

Mô tả đầy đủ

Đã lưu trong:
Chi tiết về thư mục
Tác giả chính: Roland, Madame (autor)
Định dạng: Sách
Ngôn ngữ:Tiếng Pháp
Loạt:(Bibliothèque Nationale ; 214)
Những chủ đề:
Các nhãn: Thêm thẻ
Không có thẻ, Là người đầu tiên thẻ bản ghi này!

MARC

LEADER 00000nam^a2200000^a^4500
001 000364963
005 20250526000000.0
009 20260310115631.02
037 |a Acervo ITESO - Biblioteca 
041 |a FRA 
082 |a 808. 8  |b NAT V. 84 
100 |a Roland,  |c Madame  |e (autor) 
240 1 1 |a [Memorias privadas de Madame Roland] 
240 1 1 |a [Mémoires de Madame Roland] 
245 1 0 |a Mémoires de Madame Roland :  |b tome I /  |c Madame Roland. 
264 |a París, Francia :  |b Bibliothèque Nationale de France,  |c 1878, c1878 
300 |a 190 p. ;  |c 14.0 cm. 
336 |a texto  |b txt  |2 rdacontenido 
337 |a sin mediación  |b n  |2 rdamedio 
338 |a volumen  |b nc  |2 rdasoporte 
440 1 |a (Bibliothèque Nationale ;  |v 214) 
520 |a Memorias de Marie-Jeanne Roland de la Platiere, comúnmente conocida como Madame Roland (1754-1793), una de las representantes más importantes de la Revolución francesa, quien falleció condenada a la guillotina durante el período del Terror y las pugnas de poder entre girondinos y jacobinos. Sus memorias, escritas durante su encierro y en espera de su inminente ejecución, evocan sus recuerdos personales, políticos e intelectuales, y el vínculo que estableció entre la feminidad y el sacrificio. 
649 |a XX 
650 |a Revolucionarios Franceses -  |x Memorias 
650 |a Políticos Franceses -  |x Memorias 
650 |a Mujeres Francesas -  |x Memorias 
650 |a Memorias Francesas 
650 |a Literatura Francesa -  |y Siglo XVIII 
650 |a Literatura Autobiográfica -  |z Francia 
650 |a Literatura de Mujeres -  |z Francia 
650 |a Política -  |z Francia -  |x Historia -  |y Revolución Constitucional, 1789-1792 
650 |a Francia -  |x Historia -  |y Revolución Constitucional, 1789-1792 -  |x Tema Principal 
650 |a Francia -  |x Historia -  |y Revolución Liberal Burguesa, 1774-1848 
650 |a Roland,  |c Madame -  |x Tema Principal 
910 |a Fondo General 
920 |a Impresos - Libros 
930 |a Libros Antiguos y Raros 
940 |a Literatura 
905 |a 108 
901 |a 0500258595  |b IT2  |c LRA  |i D74054  |u 20250526 
902 |a https://opac.biblio.iteso.mx/vufind/Record/000364963